000 01425ny a22003493n 4500
005 20240305165316.0
008 021104s2002 sp 000 0 spa c
017 _aD.L. M.41573-2002
020 _a8484940551
035 _a1656
040 _aSpMaUCDE
_dvLex
040 _aUMA.RE
_dvLex
080 _a34:368.18
080 _a368.18:34
090 _c403
_d403
100 1 _aMuñoz Paredes, María Luisa
245 1 3 _aEl seguro a primer riesgo
_h[Recurso electrónico]
_cMaría Luisa Muñoz Paredes ; prólogo de José Luis Fernández Ruiz
256 _aServicio en línea
260 _a[Madrid]:
_bEditoriales de Derecho Reunidas,
_cD.L. 2002
300 _a316 p. ;
_c20 cm
490 1 _aCuadernos mercantiles ;
_v23
504 _aBibliogr.: p. 301-316
506 1 _aContenido solo disponible en los productos indicados
_dvLex Global
_dvLex Global (Academic Edition, excluding Law Schools)
_dvLex Global (U.S. Academic Edition, Law Schools)
_dvLex Global (U.S. Academic Edition, excluding Law Schools)
_dvLex Global (Academic Edition, Law Schools)
650 0 7 _aMercantil
_2Tesauro vLex
650 0 7 _aContrato de seguro
_2Tesauro vLex
650 0 7 _aDerecho de los seguros
_2Tesauro vLex
650 0 7 _aSeguros
_2Tesauro vLex
740 0 _avLex Libros (Servicios en línea)
830 0 _aCuadernos mercantiles (Editoriales de Derecho Reunidas)
856 4 0 _uhttps://app.vlex.com/#/sources/1656
942 _cRAA
999 _c158933
_d158933